Człowiek Roku tygodnika „Time” - Statystyki

Ogólne statystyki
  • Ten quiz został rozwiązany 374 razy
    30 od ostatniego zresetowania
  • Średni wynik to 31 z 117
Statystyki odpowiedzi
Rok Człowiek Roku % Poprawnych
2016 Donald Trump
96%
1938 Adolf Hitler
92%
1939 | 1942 Józef Stalin
88%
2007 Władimir Putin
85%
2008 | 2012 Barack Obama
81%
1994 Jan Paweł II
77%
1932 | 1934 | 1941 Franklin Roosevelt
73%
1990 George Herbert Walker Bush
73%
2000 | 2004 George Walker Bush
73%
1981 Lech Wałęsa
73%
1980 | 1983 Ronald Reagan
62%
1961 John Kennedy
58%
1993 Nelson Mandela
58%
1971 | 1972 Richard Nixon
58%
1987 | 1989 Michaił Gorbaczow
54%
1940 | 1949 Winston Churchill
54%
2013 Franciszek
50%
2015 Angela Merkel
46%
1992 | 1998 Bill Clinton
46%
1944 | 1959 Dwight Eisenhower
46%
2001 Albert Einstein
42%
1945 | 1948 Harry Truman
42%
1957 Nikita Chruszczow
42%
1996 David Ho
38%
1952 Elżbieta II
38%
1976 Jimmy Carter
38%
1930 Mahatma Gandhi
38%
1933 Hugh Johnson
35%
1964 | 1967 Lyndon Johnson
35%
1963 Martin Luther King
35%
2006 Ty
35%
1999 Jeffrey P. Bezos
31%
2005 Bill Gates
27%
2005 Melinda Gates
23%
2023 Taylor Swift
23%
1958 Charles de Gaulle
19%
2021 Elon Musk
19%
1943 | 1947 George Marshall
19%
1962 Jan XXIII
19%
2020 Joe Biden
19%
1979 Ajatollah Chomeini
15%
1978 | 1985 Deng Xiaoping
15%
1993 Jasir Arafat
15%
2020 Kamala Harris
15%
1953 Konrad Adenauer
15%
2022 Wołodymyr Zełenski
15%
1993 Icchak Rabin
12%
2010 Mark Zuckerberg
12%
1936 Wallis Simpson
12%
1977 Anwar as-Sadat
8%
2005 Bono
8%
1927 Charles Lindbergh
8%
2024 Donald Trump
8%
1993 Frederik de Klerk
8%
2019 Greta Thunberg
8%
1972 Henry Kissinger
8%
1982 Komputer
8%
1991 Ted Turner
8%
1970 Willy Brandt
8%
1950 | 2003 Żołnierz amerykański
8%
1960 Amerykańscy naukowcy
4%
1997 Andy Grove
4%
2009 Ben Bernanke
4%
2002 Coleen Rowley
4%
1986 Corazon Aquino
4%
2002 Cynthia Cooper
4%
2022 Duch Ukrainy
4%
1935 Haile Selassie
4%
1955 Harlow Curtice
4%
1946 James Byrnes
4%
1968 Jim Lovell
4%
1954 John Foster Dulles
4%
1973 John Sirica
4%
1983 Jurij Andropow
4%
1998 Kenneth Starr
4%
1995 Newt Gingrich
4%
1929 Owen Young
4%
1984 Peter Ueberroth
4%
1931 Pierre Laval
4%
2011 Protestujący
4%
2001 Rudy Giuliani
4%
2002 Sherron Watkins
4%
2014 Walczący z Ebolą
4%
1928 Walter Chrysler
4%
1965 William Westmoreland
4%
1988 Zagrożona Ziemia
4%
1969 Amerykanie z klasy średniej
0%
1975 Amerykanki
0%
1937 Czang Kaj-szek
0%
2018 Dżamal Chaszukdżi
0%
1974 Fajsal
0%
1968 Frank Borman
0%
1966 Generacja dwadzieścia pięć i poniżej
0%
2018 Kyaw Soe Oo
0%
2018 Maria Ressa
0%
1951 Mohammad Mosaddegh
0%
2017 Osoby, które przerwały milczenie
0%
1937 Song Meiling
0%
2018 Wa Lone
0%
1956 Węgierski powstaniec
0%
1968 William Anders
0%
Nie znaleziono quizów pasujących do podanych kryteriów
Rozkład punktacji
Procent ludzi z każdym wynikiem
Percentyl według liczby udzielonych odpowiedzi
Twoja historia wyników
Nie rozwiązałeś tego quizu od ostatniego zresetowania